| 000 | 01100nam a22002537a 4500 | ||
|---|---|---|---|
| 005 | 20170124103132.0 | ||
| 010 | _aB-151660 | ||
| 020 |
_c325.00 _a8188886009 |
||
| 035 | _aB-151660 | ||
| 037 | _bCen Lib/Ret | ||
| 040 |
_aDPL _bHN |
||
| 082 |
_a362.7 _bजगजी |
||
| 100 |
_aजगजीत सिंह _984357 |
||
| 245 |
_aदिवंगत बेटियां / _cजगजीत सिंह |
||
| 246 |
_aDivangat betiyan / _bby Jagjeet Singh |
||
| 260 |
_aनई दिल्ली _bफस्ट एडिशन _c2004 |
||
| 270 |
_a67, लोअरग्राउंड फ्लोर, कैलाश हिल्स _bनई दिल्ली _e110065 |
||
| 300 |
_avii,146पृ. _c20सेमी(सजिल्द) |
||
| 650 |
_aहरियाणा -- लड़की से भेदभाव _984358 |
||
| 650 |
_aगुजरात -- कुर्बान बच्चियां _984359 |
||
| 650 |
_aHaryana - Girl discrimination _984360 |
||
| 650 |
_aGujarat - sacrificed girls _984361 |
||
| 942 |
_2ddc _cHN _h362.7 _mजगजी |
||
| 999 |
_c119322 _d119322 |
||